• 首页
  • 本馆介绍
  • 公告通知
  • 最新文献
  • 馆藏检索
  • 电子资源
  • 读者导购
  • 参考咨询
  • 我的图书馆
  • 登录
  • 详细信息显示
  • 放入我的书架
  • 预约/预借图书
  • 作者相关作品
  • 分类相关作品
  • 丛书相关作品
  • 出版社相关作品

书目信息

  • 表格格式
  • 工作单格式
  • 卡片格式
题名:
电子器件基础
    
 
作者: Bell , 贝尔 著 ;李远境 , 宋振华 译
分册:  
出版信息: 北京   科学出版社  1981
页数: 464页
开本: 19cm
丛书名:
单 册:
中图分类: TN103
科图分类:
主题词: 电子器件
电子资源:
ISBN:
000 00843nam0 2200289 45
001 0181004265
005 20060810092857.40
010    @dCNY1.85
091    @aCN@b15031.320
100    @a19950614d1981 em y0chiy0121 ea
101 1  @achi@ceng
102    @aCN@b110000
105    @ay z 000yy
200 10 @a电子器件基础@Adian zi qi jian ji chu@f(美)贝尔(D.A.Bell)著@g李远境,宋振华译
210    @a北京@c科学出版社@d1981
215    @a464页@d19cm
300    @a书名原文:Fundamentals of electronic devices
510 1  @aFundamentals of electronic devices@zeng
606    @a电子器件
690    @aTN103@v3 
701 A1 @aBell@bD.A.@4著
701  1 @a贝尔@Abei er@bD.A.@4著
702  0 @a李远境@Ali yuan jing@4译
702  0 @a宋振华@Asong zhen hua@4译
801  2 @aCN@bNLC@c20060810
801  0 @aCN@bTSSF@c20060804
905    @dTN103@e47
    
    电子器件基础/(美)贝尔(D.A.Bell)著/李远境,宋振华译.-北京:科学出版社,1981
    464页;19cm
    书名原文:Fundamentals of electronic devices
    
    ISBN :CNY1.85
    
●
相关链接 在E读中查询图书 在五车中查询图书 在当当中查询图书 在豆瓣中查询图书


正题名:电子器件基础     索取号:TN103/47         预约/预借

序号 登录号 条形码 馆藏地/架位号 状态 备注
1 0437295   204372954   密集书库/ [索取号:TN103/47] 在馆    
2 0438213   204382131   密集书库/ [索取号:TN103/47] 在馆    
3 0439721   204397214   密集书库/ [索取号:TN103/47] 在馆    
4 0439722   204397223   密集书库/ [索取号:TN103/47] 在馆    
5 0451473   204514739   密集书库/ [索取号:TN103/47] 在馆    
6 0452099   204520991   密集书库/ [索取号:TN103/47] 在馆    
唐山师范学院图书馆 欢迎您!
大连网信软件有限公司© 版权所有